Elite : (Record no. 6657)

MARC details
000 -LEADER
fixed length control field 00655nam a22002057a 4500
003 - CONTROL NUMBER IDENTIFIER
control field OSt
005 - DATE AND TIME OF LATEST TRANSACTION
control field 20251201133327.0
008 - FIXED-LENGTH DATA ELEMENTS--GENERAL INFORMATION
fixed length control field 251201b |||||||| |||| 00| 0 eng d
020 ## - INTERNATIONAL STANDARD BOOK NUMBER
International Standard Book Number 978-971-27-3292-8
040 ## - CATALOGING SOURCE
Original cataloging agency DWCL - Main
Transcribing agency OC
082 ## - DEWEY DECIMAL CLASSIFICATION NUMBER
Classification number F E42 2016
100 ## - MAIN ENTRY--PERSONAL NAME
Personal name Hau, Caroline S.
Relator term Editor
245 ## - TITLE STATEMENT
Title Elite :
Remainder of title An Anthology /
Statement of responsibility, etc. Caroline S. Hau [and two others]
260 ## - PUBLICATION, DISTRIBUTION, ETC.
Place of publication, distribution, etc. Mandaluyong City, Philippines:
Name of publisher, distributor, etc. Anvil Publishing, Inc.,
Date of publication, distribution, etc. c2016.
300 ## - PHYSICAL DESCRIPTION
Extent xxii, 355 pages:
Other physical details illustration;
Dimensions 23cm.
650 ## - SUBJECT ADDED ENTRY--TOPICAL TERM
Topical term or geographic name entry element 1. Fiction - Literary
700 ## - ADDED ENTRY--PERSONAL NAME
Personal name I. Katrina Tuvera
Relator term Editor
700 ## - ADDED ENTRY--PERSONAL NAME
Personal name II. Isabelita O. Reyes
Relator term Editor
942 ## - ADDED ENTRY ELEMENTS (KOHA)
Source of classification or shelving scheme Dewey Decimal Classification
Koha item type Fiction
Suppress in OPAC No
952 ## - LOCATION AND ITEM INFORMATION (KOHA)
--
Holdings
Withdrawn status Lost status Source of classification or shelving scheme Damaged status Not for loan Home library Current library Shelving location Date acquired Source of acquisition Cost, normal purchase price Total Checkouts Full call number Barcode Date last seen Copy number Cost, replacement price Price effective from Koha item type Uniform Resource Identifier
    Dewey Decimal Classification     Junior High School Library Junior High School Library Fiction 03/09/2023 Library Fund 495.00   F E42 2016 JHS - 21051 12/01/2025 c1 495.00 12/01/2025 FIC.